<?xml version="1.0" encoding="UTF-8"?>
<record
    xmlns:xsi="http://www.w3.org/2001/XMLSchema-instance"
    xsi:schemaLocation="http://www.loc.gov/MARC21/slim http://www.loc.gov/standards/marcxml/schema/MARC21slim.xsd"
    xmlns="http://www.loc.gov/MARC21/slim">

  <leader>00726ntaaa2200229   4500</leader>
  <controlfield tag="003">01</controlfield>
  <controlfield tag="005">20251027202727.0</controlfield>
  <controlfield tag="008">0714s1973  ag    01 </controlfield>
  <datafield tag="020" ind1=" " ind2=" ">
    <subfield code="a">950110498</subfield>
  </datafield>
  <datafield tag="040" ind1=" " ind2=" ">
    <subfield code="a">AR-BaBN</subfield>
    <subfield code="b">spa</subfield>
    <subfield code="c">AR-BaBN</subfield>
    <subfield code="e">aacr</subfield>
    <subfield code="d">RIC</subfield>
  </datafield>
  <datafield tag="082" ind1=" " ind2=" ">
    <subfield code="a">649.1 D68c</subfield>
  </datafield>
  <datafield tag="100" ind1=" " ind2=" ">
    <subfield code="a">Dolto, Catherine </subfield>
    <subfield code="9">27174</subfield>
  </datafield>
  <datafield tag="245" ind1=" " ind2=" ">
    <subfield code="a">&#xBF;C&#xF3;mo est&#xE1; tu salud? / </subfield>
    <subfield code="c">Catherine Dolto, Volker Theinhardt, Carlos Illya Levin</subfield>
  </datafield>
  <datafield tag="260" ind1=" " ind2=" ">
    <subfield code="a">Buenos Aires : </subfield>
    <subfield code="b">Sigmar, </subfield>
    <subfield code="c">1986</subfield>
  </datafield>
  <datafield tag="300" ind1=" " ind2=" ">
    <subfield code="a">91 + [2] p. ; </subfield>
    <subfield code="c">il. ; 29 cm</subfield>
  </datafield>
  <datafield tag="500" ind1=" " ind2=" ">
    <subfield code="a">Gu&#xED;a de salud ilustrada para ni&#xF1;os</subfield>
  </datafield>
  <datafield tag="500" ind1=" " ind2=" ">
    <subfield code="a">BAJA PATRIMONIAL POR OBSOLESCENCIA 20190405</subfield>
  </datafield>
  <datafield tag="650" ind1=" " ind2=" ">
    <subfield code="a">Cuidado del ni&#xF1;o</subfield>
    <subfield code="9">27175</subfield>
  </datafield>
  <datafield tag="700" ind1=" " ind2=" ">
    <subfield code="a">Theinhardt, Volker </subfield>
    <subfield code="9">27176</subfield>
  </datafield>
  <datafield tag="700" ind1=" " ind2=" ">
    <subfield code="a">Illya Levin, Carlos </subfield>
    <subfield code="9">27177</subfield>
  </datafield>
  <datafield tag="942" ind1=" " ind2=" ">
    <subfield code="c">BK</subfield>
  </datafield>
  <datafield tag="999" ind1=" " ind2=" ">
    <subfield code="c">22513</subfield>
    <subfield code="d">22513</subfield>
  </datafield>
  <datafield tag="952" ind1=" " ind2=" ">
    <subfield code="0">0</subfield>
    <subfield code="1">0</subfield>
    <subfield code="4">0</subfield>
    <subfield code="7">0</subfield>
    <subfield code="a">BP</subfield>
    <subfield code="b">BP</subfield>
    <subfield code="d">2025-10-27</subfield>
    <subfield code="i">038210</subfield>
    <subfield code="l">0</subfield>
    <subfield code="o">649.1 D68c</subfield>
    <subfield code="p">038210</subfield>
    <subfield code="r">2025-10-27 20:27:27</subfield>
    <subfield code="w">2025-10-27</subfield>
    <subfield code="y">BK</subfield>
  </datafield>
</record>
